All Premiers of Canada - Statistics

General Stats
  • This quiz has been taken 35 times
    29 since last reset
  • The average score is 42 of 311
Answer Stats
Province Year Political Party Premier % Correct
Alberta 2022-today United Conservative Danielle Smith
75%
Ontario 2018-today Progressive Conservative Doug Ford
75%
Nova Scotia 1967-1970 Progressive Conservative George Isaac Smith
71%
Nova Scotia 1933-1940 | 1945-1954 Liberal Angus L. Macdonald
54%
British Columbia 1947-1952 Liberal Boss Johnson
54%
Québec 1994 Liberal Daniel Johnson Jr.
54%
Québec 1966-1968 Union Nationale Daniel Johnson Sr.
54%
Manitoba 1900 Conservative Hugh John Macdonald
54%
Ontario 1867-1871 Conservative John Sandfield Macdonald
54%
Québec 1985 Parti Québécois Pierre Marc Johnson
54%
Nova Scotia 2006-2009 Progressive Conservative Rodney MacDonald
54%
Yukon 1996-2000 New Democratic Piers McDonald
50%
Manitoba 2023-today New Democratic Wab Kinew
50%
Prince Edward Island 2025-2026 Progressive Conservative Bloyce Thompson
46%
British Columbia 2022-today New Democratic David Eby
46%
Québec 2018-2026 Coalition Avenir Québec François Legault
46%
Nova Scotia 1882 Conservative John Sparrow David Thompson
46%
British Columbia 2011-2017 Liberal Christy Clark
42%
Saskatchewan 2018-today Saskatchewan Party Scott Moe
42%
Prince Edward Island 2019-2025 Progressive Conservative Dennis King
38%
New Brunswick 1870-1871 | 1872-1878 Conservative George E. King
38%
British Columbia 1996-1999 New Democratic Glen Clark
38%
Alberta 2019-2022 United Conservative Jason Kenney
38%
Québec 2003-2012 Liberal Jean Charest
38%
British Columbia 1900 Independent Joseph Martin
38%
Ontario 2013-2018 Liberal Kathleen Wynne
38%
Alberta 2015-2019 New Democratic Rachel Notley
38%
Saskatchewan 1944-1961 Co-operative Commonwealth Tommy Douglas
38%
Saskatchewan 1916-1922 Liberal William Melville Martin
38%
British Columbia 2017-2022 New Democratic John Horgan
33%
Nova Scotia 2021-today Progressive Conservative Tim Houston
33%
Prince Edward Island 1966-1978 Liberal Alexander B. Campbell
29%
Ontario 1990-1995 New Democratic Bob Rae
29%
Manitoba 1948-1958 Liberal-Progressive Douglas Lloyd Campbell
29%
British Columbia 2001-2011 Liberal Gordon Campbell
29%
Québec 1936-1939 | 1944-1959 Union Nationale Maurice Duplessis
29%
Ontario 1995-2002 Progressive Conservative Mike Harris
29%
Québec 2012-2014 Parti Québécois Pauline Marois
29%
Québec 1976-1985 Parti Québécois René Lévesque
29%
New Brunswick 2024-today Liberal Susan Holt
29%
Prince Edward Island 1936-1943 Liberal Thane A. Campbell
29%
Prince Edward Island 1978-1979 Liberal W. Bennett Campbell
29%
Ontario 1971-1985 Progressive Conservative Bill Davis
25%
New Brunswick 2018-2024 Progressive Conservative Blaine Higgs
25%
Newfoundland and Labrador 2003-2010 Progressive Conservative Danny Williams
25%
Québec 1994-1996 Parti Québécois Jacques Parizeau
25%
Newfoundland and Labrador 2025 Liberal John Hogan
25%
Québec 1996-2001 Parti Québécois Lucien Bouchard
25%
Newfoundland and Labrador 2014-2015 Progressive Conservative Paul Davis
25%
Manitoba 1874-1878 Independent Robert Atkinson Davis
25%
British Columbia 1952-1972 Social Credit W. A. C. Bennett
25%
Alberta 2011-2014 Progressive Conservative Alison Redford
21%
British Columbia 1975-1986 Social Credit Bill Bennett
21%
Saskatchewan 2007-2018 Saskatchewan Party Brad Wall
21%
Manitoba 2016-2021 Progressive Conservative Brian Pallister
21%
Ontario 2003-2013 Liberal Dalton McGuinty
21%
Alberta 1943-1968 Social Credit Ernest Manning
21%
Manitoba 2021-2023 Progressive Conservative Heather Stefanson
21%
Prince Edward Island 1981-1986 Progressive Conservative Jim Lee
21%
Alberta 2014-2015 Progressive Conservative Jim Prentice
21%
Alberta 1971-1985 Progressive Conservative Peter Lougheed
21%
Québec 2014-2018 Liberal Philippe Couillard
21%
British Columbia 2000-2001 New Democratic Ujjal Dosanjh
21%
Prince Edward Island 1901-1908 Liberal Arthur Peters
17%
British Columbia 1986-1991 Social Credit Bill Vander Zalm
17%
British Columbia 1999-2000 New Democratic Dan Miller
17%
Nova Scotia 2009-2013 New Democratic Darrell Dexter
17%
British Columbia 1972-1975 New Democratic Dave Barrett
17%
Manitoba 1887-1888 Independent David Howard Harrison
17%
Ontario 1985-1990 Liberal David Peterson
17%
Alberta 2006-2011 Progressive Conservative Ed Stelmach
17%
Ontario 1871-1872 Liberal Edward Blake
17%
Ontario 2002-2003 Progressive Conservative Ernie Eves
17%
New Brunswick 1987-1997 Liberal Frank McKenna
17%
Ontario 1985 Progressive Conservative Frank Miller
17%
Prince Edward Island 1891-1897 Liberal Frederick Peters
17%
Nova Scotia 2021 Liberal Iain Rankin
17%
Saskatchewan 1929-1934 Conservative James Thomas Milton Anderson
17%
Québec 1960-1966 Liberal Jean Lesage
17%
Prince Edward Island 1986-1993 Liberal Joe Ghiz
17%
British Columbia 1895-1898 Independent John Herbert Turner
17%
Prince Edward Island 1943-1953 Liberal J. Walter Jones
17%
Alberta 1992-2006 Progressive Conservative Ralph Klein
17%
Québec 1970-1976 | 1985-1994 Liberal Robert Bourassa
17%
Prince Edward Island 2007-2015 Liberal Robert Ghiz
17%
Québec 1936 | 1939-1944 Liberal Adélard Godbout
13%
Newfoundland and Labrador 2020-2025 Liberal Andrew Furey
13%
Alberta 1910-1917 Liberal Arthur Sifton
13%
New Brunswick 1931-1933 Conservative Charles D. Richards
13%
Alberta 1917-1921 Liberal Charles Stewart
13%
Yukon 1978-1985 Progressive Conservative Chris Pearson
13%
Newfoundland and Labrador 1989-1996 Liberal Clyde Wells
13%
Yukon 2025-today Yukon Party Currie Dixon
13%
Manitoba 1958-1967 Progressive Conservative Dufferin Roblin
13%
Newfoundland and Labrador 2015-2020 Liberal Dwight Ball
13%
Manitoba 1969-1977 New Democratic Edward Schreyer
13%
Ontario 1943-1948 Progressive Conservative George A. Drew
13%
Manitoba 2009-2016 New Democratic Greg Selinger
13%
Alberta 1968-1971 Social Credit Harry Strom
13%
Prince Edward Island 1923-1927 | 1931-1933 Conservative James D. Stewart
13%
Manitoba 1922-1943 Progressive John Bracken
13%
New Brunswick 1878-1882 Conservative John James Fraser
13%
Newfoundland and Labrador 2010-2014 Progressive Conservative Kathy Dunderdale
13%
Ontario 1949-1961 Progressive Conservative Leslie Frost
13%
Saskatchewan 2001-2007 New Democratic Lorne Calvert
13%
Québec 1920-1936 Liberal Louis-Alexandre Taschereau
13%
British Columbia 1991-1996 New Democratic Mike Harcourt
13%
Nova Scotia 1875-1878 Liberal Philip Carteret Hill
13%
Yukon 2023-2025 Liberal Ranj Pillai
13%
New Brunswick 1970-1987 Progressive Conservative Richard Bennett Hatfield
13%
British Columbia 1991 Social Credit Rita Johnston
13%
Nova Scotia 1956-1967 Progressive Conservative Robert Stanfield
13%
Prince Edward Island 2025 Progressive Conservative Rob Lantz
13%
Manitoba 1900-1915 Conservative Rodmond Roblin
13%
Saskatchewan 1991-2001 New Democratic Roy Romanow
13%
Nova Scotia 2013-2021 Liberal Stephen McNeil
13%
Manitoba 1977-1981 Progressive Conservative Sterling Lyon
13%
Saskatchewan 1905-1916 Liberal Thomas Walter Scott
13%
Alberta 1935-1943 Social Credit William Aberhart
13%
Saskatchewan 1961-1964 Co-operative Commonwealth Woodrow Lloyd
13%
Alberta 1905-1910 Liberal Alexander Cameron Rutherford
8%
British Columbia 1887-1889 Independent Alexander Edmund Batson Davie
8%
Saskatchewan 1971-1982 New Democratic Allan Blakeney
8%
British Columbia 1872-1874 Independent Amor De Cosmos
8%
Québec 1960 Union Nationale Antonio Barrette
8%
Québec 2001-2003 Parti Québécois Bernard Landry
8%
New Brunswick 1999-2006 Progressive Conservative Bernard Lord
8%
New Brunswick 2014-2018 Liberal Brian Gallant
8%
Newfoundland and Labrador 1979-1989 Progressive Conservative Brian Peckford
8%
Québec 1874-1878 | 1891-1892 Conservative Charles Boucher de Boucherville
8%
New Brunswick 2010-2014 Progressive Conservative David Alward
8%
Alberta 1985-1992 Progressive Conservative Don Getty
8%
Ontario 1919-1923 United Farmers Ernest Drury
8%
Newfoundland and Labrador 1972-1979 Progressive Conservative Frank Moores
8%
Manitoba 1999-2009 New Democratic Gary Doer
8%
Manitoba 1988-1999 Progressive Conservative Gary Filmon
8%
Québec 1873-1874 Conservative Gédéon Ouimet
8%
New Brunswick 1914-1917 Conservative George Clarke
8%
Nova Scotia 1896-1923 Liberal George Henry Murray
8%
Ontario 1930-1934 Conservative George Stewart Henry
8%
Ontario 1899-1905 Liberal George William Ross
8%
Nova Scotia 1970-1978 Liberal Gerald Regan
8%
Saskatchewan 1982-1991 Progressive Conservative Grant Devine
8%
Ontario 1943 Liberal Harry Nixon
8%
Manitoba 1872-1874 Independent Henry Joseph Clarke
8%
Québec 1887-1891 Parti National Honoré Mercier
8%
Manitoba 1981-1988 New Democratic Howard Pawley
8%
New Brunswick 1917 Conservative James A. Murray
8%
British Columbia 1900-1902 Independent James Dunsmuir
8%
Québec 1968-1970 Union Nationale Jean-Jacques Bertrand
8%
Newfoundland and Labrador 1949-1972 Liberal Joey Smallwood
8%
Nova Scotia 1978-1990 Progressive Conservative John Buchanan
8%
Alberta 1925-1934 United Farmers John Edward Brownlee
8%
British Columbia 1941-1947 Liberal John Hart
8%
Prince Edward Island 1919-1923 Liberal John Howatt Bell
8%
Québec 1884-1887 Conservative John Jones Ross
8%
Nunavut 2025-today Independent John Main
8%
Manitoba 1878-1887 Independent John Norquay
8%
British Columbia 1918-1927 Liberal John Oliver
8%
Ontario 1961-1971 Progressive Conservative John Robarts
8%
British Columbia 1889-1892 Independent John Robson
8%
Nova Scotia 1993-1997 Liberal John Savage
8%
Prince Edward Island 1873-1876 Conservative L. C. Owen
8%
New Brunswick 1933-1935 Conservative Leonard P. D. Tilley
8%
Québec 1905-1920 Liberal Lomer Gouin
8%
Prince Edward Island 1876-1879 Liberal Louis Henry Davies
8%
New Brunswick 1960-1970 Liberal Louis Joseph Robichaud
8%
Ontario 1934-1942 Liberal Mitchell Hepburn
8%
Ontario 1872-1896 Liberal Oliver Mowat
8%
Québec 1959-1960 Union Nationale Paul Sauvé
8%
Nunavut 2021-2025 Independent P. J. Akeeagok
8%
Alberta 1934-1935 United Farmers Richard Gavin Reid
8%
British Columbia 1903-1915 Conservative Richard McBride
8%
Northwest Territories 2023-today Independent R. J. Simpson
8%
Nova Scotia 1990-1991 Progressive Conservative Roger Stuart Bacon
8%
Saskatchewan 1964-1971 Liberal Ross Thatcher
8%
Yukon 2016-2023 Liberal Sandy Silver
8%
New Brunswick 2006-2010 Liberal Shawn Graham
8%
British Columbia 1892-1895 Independent Theodore Davie
8%
British Columbia 1933-1941 Liberal Thomas Dufferin Pattullo
8%
Ontario 1948-1949 Progressive Conservative Thomas Laird Kennedy
8%
Newfoundland and Labrador 2025-today Progressive Conservative Tony Wakeham
8%
Manitoba 1967-1969 Progressive Conservative Walter Weir
8%
British Columbia 1883-1887 Independent William Smithe
8%
Prince Edward Island 1879-1889 Conservative William Wilfred Sullivan
8%
Prince Edward Island 1927-1930 Liberal Albert C. Saunders
4%
Prince Edward Island 1897-1898 Liberal Alexander B. Warburton
4%
Nova Scotia 1940-1945 Liberal Alexander Stirling MacMillan
4%
Prince Edward Island 1953-1959 Liberal Alexander W. Matheson
4%
Manitoba 1870-1871 Independent Alfred Boyd
4%
New Brunswick 1935-1940 Liberal Allison A. Dysart
4%
British Columbia 1876-1878 Independent Andrew Charles Elliott
4%
New Brunswick 1883-1896 Liberal Andrew G. Blair
4%
New Brunswick 1867-1870 Confederation Andrew R. Wetmore
4%
Ontario 1896-1899 Liberal Arthur Sturgis Hardy
4%
Prince Edward Island 1917-1919 Conservative Aubin-Edmond Arsenault
4%
Newfoundland and Labrador 2000-2001 Liberal Beaton Tulk
4%
Newfoundland and Labrador 1996-2000 Liberal Brian Tobin
4%
New Brunswick 1998-1999 Liberal Camille Thériault
4%
Prince Edward Island 1993-1996 Liberal Catherine Callbeck
4%
British Columbia 1898-1900 Independent Charles Augustus Semlin
4%
Saskatchewan 1922-1926 Liberal Charles Avery Dunning
4%
New Brunswick 1907-1908 Liberal Clifford W. Robinson
4%
New Brunswick 1882-1883 Conservative Daniel L. Hanington
4%
Alberta 2014 Progressive Conservative Dave Hancock
4%
Prince Edward Island 1898-1901 Liberal Donald Farquharson
4%
Nova Scotia 1991-1993 Progressive Conservative Donald William Cameron
4%
Northwest Territories 1995-1998 Independent Don Morin
4%
Nova Scotia 1925-1930 Conservative Edgar Nelson Rhodes
4%
Québec 1896-1897 Conservative Edmund James Flynn
4%
British Columbia 1902-1903 Independent Edward Gawler Prior
4%
Nova Scotia 1923-1925 Liberal Ernest Howard Armstrong
4%
Québec 1897-1900 Liberal Félix-Gabriel Marchand
4%
Prince Edward Island 1908-1911 Liberal Francis Haszard
4%
British Columbia 1874-1876 | 1878-1882 Independent George Anthony Walkem
4%
New Brunswick 1871-1872 Conservative George L. Hathaway
4%
Ontario 1942-1943 Liberal Gordon Daniel Conant
4%
Nova Scotia 1930-1933 Conservative Gordon Sidney Harrington
4%
British Columbia 1916-1918 Liberal Harlan Carey Brewster
4%
Nova Scotia 1954 Liberal Harold Connolly
4%
Québec 1878-1879 Liberal Henri-Gustave Joly de Lotbinière
4%
New Brunswick 1897-1900 Liberal Henry Emmerson
4%
Nova Scotia 1954-1956 Liberal Henry Hicks
4%
Alberta 1921-1925 United Farmers Herbert Greenfield
4%
Nova Scotia 1867 Conservative Hiram Blanchard
4%
Prince Edward Island 1911 Liberal H. James Palmer
4%
Ontario 1923-1930 Conservative Howard Ferguson
4%
New Brunswick 1952-1960 Progressive Conservative Hugh John Flemming
4%
Saskatchewan 1926-1929 | 1934-1935 Liberal James G. Gardiner
4%
New Brunswick 1911-1914 Conservative James Kidd Flemming
4%
New Brunswick 1896-1897 Liberal James Mitchell
4%
Ontario 1905-1914 Conservative James Whitney
4%
Prince Edward Island 1979-1981 Progressive Conservative J. Angus MacLean
4%
Prince Edward Island 1873 Conservative J. C. Pope
4%
Prince Edward Island 1911-1917 Conservative John A. Mathieson
4%
New Brunswick 1925-1931 Conservative John B. M. Baxter
4%
New Brunswick 1940-1952 Liberal John B. McNair
4%
New Brunswick 1908-1911 Conservative John Douglas Hazen
4%
British Columbia 1927-1928 Liberal John Duncan MacLean
4%
Nova Scotia 1999-2006 Progressive Conservative John F. Hamm
4%
British Columbia 1871-1872 Independent John Foster McCreight
4%
Québec 1879-1882 Conservative Joseph-Adolphe Chapleau
4%
Québec 1882-1884 Conservative Joseph-Alfred Mousseau
4%
Prince Edward Island 1996 Liberal Keith Milligan
4%
Manitoba 2021 Progressive Conservative Kelvin Goertzen
4%
New Brunswick 1900-1907 Liberal Lemuel J. Tweedie
4%
Québec 1887 | 1892-1896 Conservative Louis-Olivier Taillon
4%
Manitoba 1871-1872 | 1874 Independent Marc-Amable Girard
4%
Yukon 2025 Liberal Mike Pemberton
4%
Prince Edward Island 1889-1891 Conservative Neil McLeod
4%
Prince Edward Island 1996-2007 Progressive Conservative Pat Binns
4%
New Brunswick 1923-1925 Liberal Peter J. Veniot
4%
Québec 1867-1873 Conservative Pierre-Joseph-Olivier Chauveau
4%
New Brunswick 1997-1998 Liberal Ray Frenette
4%
British Columbia 1882-1883 Independent Robert Beaven
4%
Newfoundland and Labrador 2001-2003 Liberal Roger Grimes
4%
Nova Scotia 1997-1999 Liberal Russell MacLellan
4%
British Columbia 1928-1933 Conservative Simon Fraser Tolmie
4%
Nova Scotia 1878-1882 Conservative Simon Hugh Holmes
4%
Québec 1900-1905 Liberal Simon-Napoléon Parent
4%
Manitoba 1943-1948 Liberal-Progressive Stuart Garson
4%
Manitoba 1888-1900 Liberal Thomas Greenway
4%
Manitoba 1915-1922 Liberal Tobias Norris
4%
Newfoundland and Labrador 2014 Progressive Conservative Tom Marshall
4%
Newfoundland and Labrador 1989 Progressive Conservative Tom Rideout
4%
Yukon 1985-1992 New Democratic Tony Penikett
4%
Prince Edward Island 2015-2019 Liberal Wade H. MacLauchlan
4%
New Brunswick 1917-1923 Liberal Walter E. Foster
4%
Prince Edward Island 1930-1931 | 1935-1936 Liberal Walter M. Lea
4%
Prince Edward Island 1959-1966 Progressive Conservative Walter R. Shaw
4%
Nova Scotia 1867-1875 Anti-Confederation William Annand
4%
Ontario 1914-1919 Conservative William Hearst
4%
British Columbia 1915-1916 Conservative William John Bowser
4%
Saskatchewan 1935-1944 Liberal William John Patterson
4%
Prince Edward Island 1933-1935 Conservative William J. P. MacMillan
4%
New Brunswick 1907 Liberal William Pugsley
4%
Nova Scotia 1884-1896 Liberal William Stevens Fielding
4%
Nova Scotia 1882-1884 Liberal William Thomas Pipes
4%
Northwest Territories 2011-2019 Independent Bob McLeod
0%
Northwest Territories 2019-2023 Independent Caroline Cochrane
0%
Yukon 2011-2016 Yukon Party Darrell Pasloski
0%
Yukon 2002-2011 Yukon Party Dennis Fentie
0%
Northwest Territories 1987-1991 Independent Dennis Patterson
0%
Nunavut 2008-2013 Independent Eva Aariak
0%
Northwest Territories 2007-2011 Independent Floyd Rolland
0%
Northwest Territories 1980-1984 Independent George Braden
0%
Northwest Territories 1998-2000 Independent Jim Antoine
0%
Northwest Territories 2003-2007 Independent Joe Handley
0%
Nunavut 2018-2021 Independent Joe Savikataaq
0%
Yukon 1992-1996 Yukon Party John Ostashek
0%
Northwest Territories 1991-1995 Independent Nellie Cournoyea
0%
Northwest Territories 1985-1987 Independent Nick Sibbeston
0%
Yukon 2000-2002 Liberal Pat Duncan
0%
Nunavut 1999-2008 Independent Paul Okalik
0%
Nunavut 2017-2018 Independent Paul Quassa
0%
Nunavut 2013-2017 Independent Peter Taptuna
0%
Northwest Territories 1984-1985 Independent Richard Nerysoo
0%
Northwest Territories 2000-2003 Independent Stephen Kakfwi
0%
Yukon 1985 Progressive Conservative Willard Phelps
0%
No matching quizzes found
Score Distribution
Percent of People with Each Score
Percentile by Number Answered
Your Score History
You have not taken this quiz since the last reset